Economía. 1 /

Detalles Bibliográficos
Autores principales: Proaño Rivera, Bladimir (Autor), Pinos Luzuriaga, Luis Gabriel (Autor)
Formato: Electrónico eBook
Lenguaje:español
Publicado: Cuenca, Ecuador : Universidad del Azuay, Casa Editora, [2023]
Colección:Numerus (Universidad del Azuay, Casa Editora)
Materias:
Acceso en línea:Digitalia Hispánica

MARC

LEADER 00000nam a2200000Ii 4500
001 DIGUAZUAY0226
003 NyNyDIG
006 m o d
007 cr |||||||||||
008 251104s2023 ec ob 000 0 spa d
035 |a (OCoLC)1548425676 
040 |a DGITA  |b eng  |e rda  |e pn  |c DGITA 
020 |a 9789942645067  |q eBook 
020 |z 9789942645050 
050 1 4 |a HB171 ebook 
100 1 |a Proaño Rivera, Bladimir,  |e author. 
245 1 0 |a Economía.  |n 1 /  |c Bladimir Proaño Rivera, Luis Gabriel Pinos Luzuriaga. 
264 1 |a Cuenca, Ecuador :  |b Universidad del Azuay, Casa Editora,  |c [2023] 
300 |a 1 online resource. 
336 |a text  |b txt  |2 rdacontent 
337 |a computer  |b c  |2 rdamedia 
338 |a online resource  |b cr  |2 rdacarrier 
347 |a text file  |2 rdaft 
347 |b PDF 
490 1 |a Numerus 
504 |a Includes bibliographical references. 
588 0 |a Online resource; title from PDF title page (Digitalia, viewed November 4, 2025) 
650 0 |a Economics. 
650 0 |a Macroeconomics. 
700 1 |a Pinos Luzuriaga, Luis Gabriel,  |e author. 
791 2 |a Digitalia (Firm),  |e distributor. 
793 0 |g Digitalia eBook Collection:  |a Universidad del Azuay 
776 0 8 |i Print version:  |a Proaño Rivera, Bladimir.  |t Economía. 1.  |d Cuenca, Ecuador : Universidad del Azuay, Casa Editora, [2023]  |z 9789942645050 
830 0 |a Numerus (Universidad del Azuay, Casa Editora) 
856 4 0 |3 Digitalia Hispánica  |u https://www.digitaliapublishing.com/a/134015/ 
910 |a Premium collection: 2025